[Event "III Festival Magistrale"]
[Site "Catania ITA"]
[Date "1991.08.??"]
[Round "?"]
[White "Abramovic, Bosko"]
[Black "Fabiano, Giuseppe"]
[WhiteElo "2495"]
[BlackElo "2270"]
[Result "1-0"]
[PlyCount "65"]
[EventDate "1991.08.03"]

1. c4 c5 2. Nf3 Nc6 3. Nc3 g6 4. e3 Nf6 5. d4 cxd4 6. exd4 d5 7. Bg5 Ne4 8.
cxd5 Nxc3 9. bxc3 Qxd5 10. c4 Qe4+ 11. Be3 Bg7 12. Bd3 Qg4 13. h3 Qd7 14. Be2
O-O 15. O-O b6 16. Qd2 Bb7 17. Rad1 Rfd8 18. Rfe1 Rac8 19. d5 Na5 20. Bd4 f6
21. Rc1 Qa4 22. Qe3 Rc7 23. Qe6+ Kh8 24. Ng5 fxg5 25. Bxg7+ Kxg7 26. Qe5+ Kh6
27. Qxc7 Qd7 28. Qe5 b5 29. cxb5 Qxd5 30. Qxd5 Rxd5 31. Bf1 Rd7 32. Re3 Bd5 33.
Ra3 1-0

[Event "III Festival Magistrale"]
[Site "Catania ITA"]
[Date "1991.08.??"]
[Round "?"]
[White "Abramovic, Bosko"]
[Black "Genovese, Maurizio"]
[WhiteElo "2495"]
[BlackElo "2180"]
[Result "1-0"]
[PlyCount "55"]
[EventDate "1991.08.03"]

1. c4 e6 2. Nf3 d5 3. b3 Nf6 4. g3 c5 5. Bg2 Be7 6. O-O O-O 7. Bb2 Nc6 8. e3
Qb6 9. cxd5 Nxd5 10. Nc3 Nxc3 11. Bxc3 Rd8 12. Qb1 Nb4 13. d4 Nd5 14. Bb2 Bd7
15. dxc5 Qxc5 16. e4 Nf6 17. Rc1 Qb6 18. Ne5 Bb5 19. Qc2 Bb4 20. Rd1 Rac8 21.
Rxd8+ Qxd8 22. Rd1 Rxc2 23. Rxd8+ Ne8 24. Bf1 f6 25. Bxb5 fxe5 26. Bxe5 Kf7 27.
Bxe8+ Ke7 28. Rb8 1-0

[Event "III Festival Magistrale"]
[Site "Catania ITA"]
[Date "1991.08.??"]
[Round "?"]
[White "Accardo, Francesco"]
[Black "Bianca, Maurizio"]
[WhiteElo "1930"]
[BlackElo "1910"]
[Result "0-1"]
[PlyCount "52"]
[EventDate "1991.08.03"]

1. e4 e5 2. Bc4 f5 3. Bxg8 Rxg8 4. d4 Qh4 5. Nc3 Bb4 6. Be3 f4 7. g3 fxg3 8.
Qf3 exd4 9. hxg3 dxc3 10. Kf1 Qf6 11. Qh5+ Qg6 12. Qe5+ Qe6 13. Qxc7 Nc6 14.
Qf4 cxb2 15. Rd1 b6 16. Nf3 Ba6+ 17. Kg2 h6 18. Qc7 Rf8 19. Nd4 Qxe4+ 20. f3
Qe5 21. Nb3 Qf5 22. Rh4 Qxf3+ 23. Kh3 Qxd1 24. Re4+ Ne7 25. Nd4 Qf1+ 26. Kh2
b1=Q 0-1

[Event "III Festival Magistrale"]
[Site "Catania ITA"]
[Date "1991.08.??"]
[Round "?"]
[White "Accardo, Francesco"]
[Black "Stassi, Emilio"]
[WhiteElo "1930"]
[BlackElo "2110"]
[Result "1/2-1/2"]
[PlyCount "110"]
[EventDate "1991.08.03"]

1. e4 c5 2. Bc4 e6 3. Qe2 Nc6 4. c3 Qc7 5. Bb3 a6 6. d3 Bd6 7. Nh3 b5 8. f4 Bb7
9. O-O h6 10. Be3 c4 11. dxc4 Na5 12. e5 Bc5 13. cxb5 Nxb3 14. axb3 axb5 15.
Rxa8+ Bxa8 16. Nd2 Ne7 17. Bxc5 Qxc5+ 18. Qf2 Qc7 19. Nf3 Nf5 20. Ra1 O-O 21.
g4 Ne7 22. Ra7 Qc6 23. Kg2 Ng6 24. Kg3 f6 25. Nd4 Qd5 26. Qf3 fxe5 27. Qxd5
Bxd5 28. fxe5 Nxe5 29. Nf4 Be4 30. h4 Nc6 31. Rxd7 e5 32. Nfe6 exd4 33. Nxf8
dxc3 34. bxc3 Kxf8 35. Kf4 Bc2 36. c4 b4 37. Rd6 Ne7 38. Rb6 Bxb3 39. Rxb4 Bc2
40. h5 Kf7 41. Rb2 Ba4 42. Ke5 Ng8 43. Rb7+ Kf8 44. Ke6 Nf6 45. c5 Bc6 46. Rb8+
Ne8 47. Rb6 Bf3 48. Rb4 Nf6 49. Rb8+ Ne8 50. Kf5 Kf7 51. Rb6 Nf6 52. Rb4 Bxg4+
53. Rxg4 Nxg4 54. Kxg4 Ke6 55. c6 Kd6 1/2-1/2

[Event "III Festival Magistrale"]
[Site "Catania ITA"]
[Date "1991.08.??"]
[Round "?"]
[White "Agnello, Giuseppe"]
[Black "Aleksic, Nenad"]
[WhiteElo "1995"]
[BlackElo "2425"]
[Result "0-1"]
[PlyCount "64"]
[EventDate "1991.08.03"]

1. e4 c5 2. c3 b6 3. d4 Bb7 4. Bd3 Nf6 5. f3 e6 6. Be3 Nc6 7. a3 Be7 8. Ne2 O-O
9. O-O d6 10. b4 Qc7 11. Nd2 Rfd8 12. Rc1 Rac8 13. Qe1 Nb8 14. Qg3 Qd7 15. b5
c4 16. Nxc4 Qxb5 17. Rb1 Qe8 18. Bh6 g6 19. Bg5 Ba6 20. Nb2 Bxd3 21. Nxd3 Nh5
22. Qh4 Bxg5 23. Qxg5 Qa4 24. g4 Ng7 25. Ndf4 Nd7 26. Ng2 Rf8 27. e5 dxe5 28.
dxe5 Qa5 29. Rbe1 f6 30. Qh6 Nxe5 31. Nd4 Nd7 32. Kh1 e5 0-1

[Event "III Festival Magistrale"]
[Site "Catania ITA"]
[Date "1991.08.??"]
[Round "?"]
[White "Agnello, Giuseppe"]
[Black "Altini, Daniele"]
[WhiteElo "1995"]
[BlackElo "2270"]
[Result "0-1"]
[PlyCount "90"]
[EventDate "1991.08.03"]

1. e4 c5 2. c3 b6 3. d4 Bb7 4. Bd3 g6 5. Nf3 Bg7 6. O-O d6 7. Qe2 e6 8. Rd1
cxd4 9. cxd4 Ne7 10. Nc3 O-O 11. Bg5 a6 12. a4 h6 13. Bh4 Qd7 14. Ra3 g5 15.
Bg3 f5 16. exf5 exf5 17. Bc4+ Kh7 18. h4 g4 19. Ne1 Nbc6 20. Be6 Qd8 21. Nc2 f4
22. Qe4+ Kh8 23. Bxf4 Nb4 24. Qxb7 Nxc2 25. Be3 g3 26. Rb3 Nxe3 27. fxe3 Ng6
28. Qe4 Qf6 29. Bc4 Qf2+ 30. Kh1 Rac8 31. Bd3 Rf6 32. Nd5 Rcf8 33. Nxf6 Rxf6
34. h5 Nf8 35. Rc3 d5 36. Qxd5 Qxb2 37. Rc8 Qf2 38. Qe4 Re6 39. Qf5 Qb2 40.
Rcc1 Qb3 41. Bb1 Rf6 42. Qd3 Qe6 43. Qe2 Rf2 44. Qe1 Qf6 45. Bf5 Qxf5 0-1

[Event "III Festival Magistrale"]
[Site "Catania ITA"]
[Date "1991.08.??"]
[Round "?"]
[White "Agnello, Giuseppe"]
[Black "Kennaugh, Charles W."]
[WhiteElo "1995"]
[BlackElo "2335"]
[Result "0-1"]
[PlyCount "92"]
[EventDate "1991.08.03"]

1. e4 e5 2. Nf3 Nc6 3. Bb5 a6 4. Bxc6 dxc6 5. O-O Bg4 6. h3 h5 7. d3 Qf6 8.
Nbd2 g5 9. Nc4 Bxf3 10. Qxf3 Qxf3 11. gxf3 f6 12. h4 g4 13. f4 b5 14. Na5 exf4
15. Bxf4 Kd7 16. a4 Bd6 17. Bg3 Ne7 18. Nb7 Ng6 19. axb5 axb5 20. Nxd6 cxd6 21.
Kg2 f5 22. exf5 Ne7 23. f6 Nf5 24. Rfe1 Rxa1 25. Rxa1 Ke6 26. Ra6 Rc8 27. Ra7
Kxf6 28. Rh7 Ra8 29. Rc7 c5 30. c3 Ra2 31. b4 cxb4 32. cxb4 Nxg3 33. Kxg3 Ra3
34. Rb7 Rxd3+ 35. Kg2 Rd5 36. Kg3 Ke5 37. f4+ Kd4 38. Rf7 Kc4 39. f5 Rd3+ 40.
Kf4 Rf3+ 41. Kg5 g3 42. Kxh5 g2 43. Rg7 Rxf5+ 44. Kh6 Rf6+ 45. Kh5 Rf2 46. Rg4+
Kd3 0-1

[Event "III Festival Magistrale"]
[Site "Catania ITA"]
[Date "1991.08.??"]
[Round "?"]
[White "Auletta, Angelo"]
[Black "Stassi, Emilio"]
[WhiteElo "1900"]
[BlackElo "2110"]
[Result "1/2-1/2"]
[PlyCount "143"]
[EventDate "1991.08.03"]

1. e4 c5 2. Nf3 e6 3. d3 d5 4. Nbd2 Nc6 5. g3 Bd6 6. Bg2 Nge7 7. O-O O-O 8. Nh4
dxe4 9. dxe4 Ng6 10. Nxg6 hxg6 11. f4 Qc7 12. e5 Be7 13. c3 b6 14. Qg4 Ba6 15.
Re1 Bd3 16. Ne4 Rfd8 17. Be3 Rab8 18. Kf2 c4 19. h4 Bc5 20. h5 Ne7 21. hxg6
Bxe3+ 22. Rxe3 Nxg6 23. Nd6 b5 24. a3 a5 25. Be4 Bxe4 26. Rxe4 Qc5+ 27. Rd4 b4
28. axb4 axb4 29. Qe2 bxc3 30. bxc3 Rb3 31. Ne4 Qb6 32. Qxc4 Rb2+ 33. Kf3 Rb8
34. Ra6 Qb7 35. Qc6 Qxc6 36. Rxc6 Ne7 37. Rc7 Nd5 38. Ra7 Rc8 39. c4 Rb3+ 40.
Kg4 Ne3+ 41. Kh5 Nf5 42. Rdd7 Nxg3+ 43. Nxg3 Rxg3 44. c5 Rxc5 45. Rd8+ Kh7 46.
Raa8 Rh3+ 47. Kg4 Rh6 48. Rd7 Rc3 49. f5 exf5+ 50. Kxf5 Rh5+ 51. Kg4 Rxe5 52.
Rxf7 Re4+ 53. Kf5 Rf3+ 54. Kxe4 Rxf7 55. Ra6 g6 56. Ra1 Rf2 57. Ke3 Rf6 58.
Rh1+ Kg7 59. Rh3 g5 60. Rf3 Re6+ 61. Kf2 Kg6 62. Kg3 Kh5 63. Ra3 Re5 64. Rb3
Ra5 65. Rc3 Ra1 66. Rb3 Rg1+ 67. Kh2 Rg4 68. Kh3 Rg1 69. Kh2 Rf1 70. Kg3 Rf4
71. Ra3 Rf5 72. Rb3 1/2-1/2

[Event "III Festival Magistrale"]
[Site "Catania ITA"]
[Date "1991.08.??"]
[Round "?"]
[White "Bianca, Maurizio"]
[Black "Geller, Arpad"]
[WhiteElo "1910"]
[BlackElo "2285"]
[Result "0-1"]
[PlyCount "50"]
[EventDate "1991.08.03"]

1. e4 e5 2. Nc3 Nf6 3. f4 d5 4. d3 Nc6 5. fxe5 Nxe5 6. d4 Ng6 7. Bg5 dxe4 8.
Qe2 Be7 9. Bxf6 Bxf6 10. Qxe4+ Qe7 11. O-O-O Qxe4 12. Nxe4 Be7 13. Ne2 O-O 14.
N2g3 Nf4 15. d5 Rd8 16. Bc4 Nxg2 17. Rhf1 Ne3 18. d6 Nxf1 19. Rxf1 cxd6 20.
Rxf7 d5 21. Rxe7 dxc4 22. Nh5 Rd7 23. Re8+ Kf7 24. Rh8 Rd1+ 25. Kxd1 Bg4+ 0-1

[Event "III Festival Magistrale"]
[Site "Catania ITA"]
[Date "1991.08.??"]
[Round "?"]
[White "Bianca, Maurizio"]
[Black "Gueci, Riccardo"]
[WhiteElo "1910"]
[BlackElo "2240"]
[Result "0-1"]
[PlyCount "64"]
[EventDate "1991.08.03"]

1. e4 c5 2. c3 d5 3. e5 Bf5 4. Nf3 Nc6 5. Bb5 Rc8 6. Nh4 Bd7 7. Bxc6 Bxc6 8. e6
Nf6 9. exf7+ Kxf7 10. d4 cxd4 11. cxd4 e6 12. O-O Bd6 13. f4 Rf8 14. Nf3 Kg8
15. Nc3 h6 16. Qe1 Qe7 17. Qh4 Be8 18. Ne5 a6 19. Bd2 b5 20. a3 Qa7 21. Be3 Kh7
22. Rf3 Rc7 23. Raf1 Bxa3 24. bxa3 Rxc3 25. f5 exf5 26. Rh3 Ne4 27. Rff3 Rxe3
28. Rxe3 Qxd4 29. Nd3 Rf6 30. Rhf3 g5 31. Qe1 f4 32. Qf1 Nd2 0-1

[Event "III Festival Magistrale"]
[Site "Catania ITA"]
[Date "1991.08.??"]
[Round "?"]
[White "Bianca, Maurizio"]
[Black "Mijatovic, Angelina"]
[WhiteElo "1910"]
[BlackElo "2105"]
[Result "1-0"]
[PlyCount "123"]
[EventDate "1991.08.03"]

1. e4 e6 2. d4 d5 3. Nc3 Nf6 4. Bg5 Be7 5. e5 Nfd7 6. h4 Bxg5 7. hxg5 Qxg5 8.
Nf3 Qe7 9. Bd3 Nf8 10. Qd2 Nc6 11. O-O-O Bd7 12. Nb5 O-O-O 13. Qg5 f6 14. exf6
gxf6 15. Qf4 Be8 16. Nh4 Bg6 17. Rhe1 a6 18. Nxg6 Nxg6 19. Bxg6 axb5 20. Rxe6
Qg7 21. Bf5 Kb8 22. Bd3 Qg5 23. Rxf6 Qxf4+ 24. Rxf4 Rhf8 25. Rxf8 Rxf8 26. Bxh7
Rxf2 27. g4 Rg2 28. Bf5 Ka7 29. a3 b4 30. axb4 Nxb4 31. c3 Nc6 32. Rd2 Rg1+ 33.
Kc2 Na5 34. Re2 Nc4 35. b3 Nd6 36. Kd3 Nxf5 37. gxf5 Rf1 38. Re5 c6 39. Ke2 Rf4
40. Ke3 Rf1 41. c4 dxc4 42. bxc4 Ka6 43. Rc5 Kb6 44. Ke4 Kc7 45. Ra5 Re1+ 46.
Kf4 Kd6 47. Re5 Rf1+ 48. Kg5 Rg1+ 49. Kf6 b6 50. Re6+ Kd7 51. Re7+ Kd6 52. Re6+
Kd7 53. Kf7 Rg4 54. d5 cxd5 55. cxd5 b5 56. Rg6 Rd4 57. f6 Kd6 58. Kg7 Kxd5 59.
f7 Rf4 60. Rf6 Rg4+ 61. Kh6 Rh4+ 62. Kg5 1-0

[Event "III Festival Magistrale"]
[Site "Catania ITA"]
[Date "1991.08.??"]
[Round "?"]
[White "Bianca, Maurizio"]
[Black "Ricci, Marco"]
[WhiteElo "1910"]
[BlackElo "2015"]
[Result "1/2-1/2"]
[PlyCount "108"]
[EventDate "1991.08.03"]

1. e4 e6 2. d4 d5 3. Nc3 Nf6 4. Bg5 Be7 5. e5 Nfd7 6. h4 a6 7. Qg4 Bxg5 8. hxg5
c5 9. g6 f5 10. exf6 Nxf6 11. Qg3 cxd4 12. gxh7 Qe7 13. Na4 Nbd7 14. Nf3 b5 15.
Nxd4 bxa4 16. Nc6 Qc5 17. Qxg7 Rxh7 18. Rxh7 Nxh7 19. Qg6+ Kf8 20. Qh6+ Kg8 21.
Qxe6+ Kh8 22. O-O-O Ndf6 23. Qe5 Qxc6 24. Bd3 Ra7 25. Rh1 Qe6 26. Qd4 Rg7 27.
g4 Qxg4 28. Qxf6 Qg5+ 29. Qxg5 Rxg5 30. Rxh7+ Kg8 31. Ra7 Rg1+ 32. Kd2 Bg4 33.
Rxa6 d4 34. f3 Bxf3 35. Rg6+ Rxg6 36. Bxg6 a3 37. b4 Bd5 38. b5 Bxa2 39. Kc1
Kf8 40. Be4 Ke7 41. b6 Kd6 42. b7 Kc7 43. Bf3 Kb8 44. Be4 Bc4 45. Kb1 Kc7 46.
Ka1 Ba6 47. Ka2 Bxb7 48. Bd3 Kd6 49. Kxa3 Kc5 50. Kb2 Kb4 51. Bg6 Ba6 52. Bf5
Be2 53. Be4 Bd1 54. Kc1 Bxc2 1/2-1/2

[Event "III Festival Magistrale"]
[Site "Catania ITA"]
[Date "1991.08.??"]
[Round "?"]
[White "Bianca, Maurizio"]
[Black "Saric, Natasa"]
[WhiteElo "1910"]
[BlackElo "2075"]
[Result "0-1"]
[PlyCount "98"]
[EventDate "1991.08.03"]

1. e4 e6 2. d4 d5 3. Nc3 Nf6 4. Bg5 Bb4 5. e5 h6 6. exf6 hxg5 7. fxg7 Rg8 8. h4
gxh4 9. Qg4 Qf6 10. Rxh4 Qxg7 11. Qxg7 Rxg7 12. Rh8+ Kd7 13. Nf3 c6 14. a3 Bd6
15. Ne5+ Kc7 16. b4 f6 17. Nd3 Nd7 18. b5 c5 19. b6+ axb6 20. Nb5+ Kc6 21. a4
e5 22. g3 c4 23. dxe5 Nxe5 24. Nd4+ Kc7 25. Nf4 Bc5 26. Nfe6+ Bxe6 27. Nxe6+
Kd6 28. Rxa8 Kxe6 29. Bg2 f5 30. Rd1 d4 31. a5 bxa5 32. c3 Nd3+ 33. Rxd3 cxd3
34. Rxa5 b6 35. Rxc5 bxc5 36. cxd4 cxd4 37. Kd2 Kd6 38. Kxd3 Kc5 39. Bh3 Rf7
40. Bg2 Ra7 41. Bh3 Ra3+ 42. Ke2 f4 43. Bf5 fxg3 44. fxg3 Rxg3 45. Bd3 Kb4 46.
Kd2 Rg2+ 47. Be2 Rxe2+ 48. Kxe2 Kc3 49. Kd1 Kd3 0-1

[Event "III Festival Magistrale"]
[Site "Catania ITA"]
[Date "1991.08.??"]
[Round "?"]
[White "Caposciutti, Maurizio"]
[Black "Cappellani, Vincenzo"]
[WhiteElo "2315"]
[BlackElo "2105"]
[Result "1/2-1/2"]
[PlyCount "111"]
[EventDate "1991.08.03"]

1. e4 c5 2. Nf3 d6 3. Bb5+ Bd7 4. Bxd7+ Qxd7 5. O-O g6 6. c3 Bg7 7. d4 Nf6 8.
e5 dxe5 9. Nxe5 Qd5 10. Be3 O-O 11. c4 Qd6 12. Nc3 cxd4 13. Qxd4 Qxd4 14. Bxd4
Ng4 15. Nxg4 Bxd4 16. Nb5 Nc6 17. Nxd4 Nxd4 18. Rfd1 Rfd8 19. Kf1 Rac8 20. Rac1
Kf8 21. b3 h5 22. Ne5 g5 23. Rd2 f6 24. Nd3 Kf7 25. Rcd1 Ne6 26. f3 Rd4 27. Nb4
Rcd8 28. Rxd4 Rxd4 29. Rxd4 Nxd4 30. Kf2 e6 31. Ke3 Nf5+ 32. Ke4 Ke7 33. Nc2
Kd6 34. b4 b6 35. g3 Ne7 36. Nd4 f5+ 37. Kd3 Ke5 38. f4+ gxf4 39. Nf3+ Kd6 40.
gxf4 Nc6 41. Kc3 e5 42. b5 e4 43. Nh4 Ne7 44. Kd4 Ke6 45. a4 Kd6 46. h3 Ke6 47.
Ng2 Ng6 48. c5 bxc5+ 49. Kxc5 e3 50. Kd4 e2 51. Ke3 Kd5 52. a5 Kc5 53. b6 axb6
54. axb6 Kxb6 55. Kxe2 Kc5 56. Kf3 1/2-1/2

[Event "III Festival Magistrale"]
[Site "Catania ITA"]
[Date "1991.08.??"]
[Round "?"]
[White "Caposciutti, Maurizio"]
[Black "Lagumina, Giulio"]
[WhiteElo "2315"]
[BlackElo "2265"]
[Result "1-0"]
[PlyCount "67"]
[EventDate "1991.08.03"]

1. Nf3 e6 2. c4 f5 3. g3 Nf6 4. Bg2 c6 5. b3 d5 6. Bb2 Bd6 7. O-O O-O 8. d4 Bd7
9. Nbd2 Be8 10. Ne5 Nbd7 11. Nd3 Bh5 12. Nf3 Ne4 13. Nfe5 g5 14. f3 Nef6 15.
Qd2 h6 16. Rac1 Qe7 17. Nf2 Rad8 18. Qc2 f4 19. Bh3 Rde8 20. Kh1 fxg3 21. hxg3
Bb8 22. Kg2 Nxe5 23. dxe5 Nd7 24. Bg4 Bxg4 25. Nxg4 Qh7 26. Qxh7+ Kxh7 27. Rh1
Kg7 28. Rxh6 Rh8 29. Rxh8 Rxh8 30. cxd5 cxd5 31. Bd4 Kg6 32. b4 Rf8 33. Rh1 Kf5
34. Rh6 1-0

[Event "III Festival Magistrale"]
[Site "Catania ITA"]
[Date "1991.08.??"]
[Round "?"]
[White "Cappellani, Vincenzo"]
[Black "D'Amore, Emanuele"]
[WhiteElo "2105"]
[BlackElo "2045"]
[Result "1-0"]
[PlyCount "69"]
[EventDate "1991.08.03"]

1. e4 c5 2. Nf3 Nc6 3. d4 cxd4 4. Nxd4 e5 5. Nb5 d6 6. N1c3 a6 7. Na3 Be6 8.
Bc4 Rc8 9. O-O b5 10. Bxe6 fxe6 11. Qh5+ g6 12. Qg4 b4 13. Qxe6+ Be7 14. Nc4
bxc3 15. Nxd6+ Qxd6 16. Qxc8+ Nd8 17. Qxc3 Nf6 18. Bh6 Nxe4 19. Qc4 Nc5 20. Bg7
Rf8 21. Bxf8 Kxf8 22. Rad1 Qb6 23. Rfe1 Nf7 24. Rd5 Ne6 25. Qc8+ Kg7 26. Rd7
Bc5 27. Rb7 Qd6 28. Qe8 Ned8 29. Rd7 Qf6 30. Re2 Ne6 31. Rb7 Nd4 32. Rxe5 Ne6
33. Re2 Nf4 34. Rd2 Nd5 35. Qe2 1-0

[Event "III Festival Magistrale"]
[Site "Catania ITA"]
[Date "1991.08.??"]
[Round "?"]
[White "Cappellani, Vincenzo"]
[Black "Fabiano, Giuseppe"]
[WhiteElo "2105"]
[BlackElo "2270"]
[Result "0-1"]
[PlyCount "76"]
[EventDate "1991.08.03"]

1. e4 c5 2. Nf3 Nc6 3. d4 cxd4 4. Nxd4 Nf6 5. Nc3 e5 6. Ndb5 d6 7. Bg5 a6 8.
Na3 Be6 9. Nc4 Rc8 10. Bxf6 Qxf6 11. Nb6 Rb8 12. Ncd5 Qd8 13. Bd3 Be7 14. O-O
Bg5 15. c3 O-O 16. Qf3 g6 17. g4 Bf4 18. Qg2 Qg5 19. Kh1 Kg7 20. Be2 h5 21.
gxh5 Qh4 22. Nxf4 exf4 23. Rfd1 Ne5 24. Rxd6 Bh3 25. Qg1 Rh8 26. Rad1 Rxh5 27.
Bxh5 Qxh5 28. R1d3 Nf3 29. R6d5 f5 30. Rd7+ Kh6 31. Qxg6+ Kxg6 32. R3d6+ Kg5
33. Rg7+ Kh4 34. Nd5 Ng5 35. Nxf4 Qf3+ 36. Kg1 Qxf4 37. Rh7+ Kg4 38. Rxh3 Kxh3
0-1

[Event "III Festival Magistrale"]
[Site "Catania ITA"]
[Date "1991.08.??"]
[Round "?"]
[White "Cappellani, Vincenzo"]
[Black "Lagumina, Giulio"]
[WhiteElo "2105"]
[BlackElo "2265"]
[Result "0-1"]
[PlyCount "60"]
[EventDate "1991.08.03"]

1. e4 e5 2. Nf3 Nc6 3. Bb5 a6 4. Ba4 Nf6 5. O-O Be7 6. Re1 b5 7. Bb3 O-O 8. c3
d5 9. exd5 Nxd5 10. Nxe5 Nxe5 11. Rxe5 c6 12. g3 Bf6 13. Re1 c5 14. d4 Bb7 15.
Bc2 Re8 16. Rxe8+ Qxe8 17. dxc5 Rd8 18. Qd3 g6 19. Qf1 b4 20. Bh6 bxc3 21. bxc3
Nb4 22. cxb4 Bxa1 23. Be3 Qc6 24. f3 Re8 25. Nd2 Rxe3 26. Qxa1 Qe6 27. Be4 Bxe4
28. fxe4 Re2 29. Nf3 Qxe4 30. Qf6 Qb1+ 0-1

[Event "III Festival Magistrale"]
[Site "Catania ITA"]
[Date "1991.08.??"]
[Round "?"]
[White "Cappellani, Vincenzo"]
[Black "Scerbo, Antonio"]
[WhiteElo "2105"]
[BlackElo "1980"]
[Result "1-0"]
[PlyCount "51"]
[EventDate "1991.08.03"]

1. e4 c5 2. Nf3 Nc6 3. d4 cxd4 4. Nxd4 Nf6 5. Nc3 e5 6. Ndb5 d6 7. Bg5 a6 8.
Na3 b5 9. Bxf6 gxf6 10. Nd5 f5 11. Bd3 Be6 12. O-O Bg7 13. Qh5 f4 14. Nb1 O-O
15. Nd2 Ne7 16. Nf3 Ra7 17. a4 bxa4 18. Rxa4 a5 19. Rfa1 Ng6 20. Ng5 h6 21.
Nxe6 fxe6 22. Qxg6 exd5 23. exd5 Qc7 24. Qh7+ Kf7 25. Bg6+ Kf6 26. Bh5 1-0

[Event "III Festival Magistrale"]
[Site "Catania ITA"]
[Date "1991.08.??"]
[Round "?"]
[White "D'Amore, Emanuele"]
[Black "Bianca, Maurizio"]
[WhiteElo "2045"]
[BlackElo "1910"]
[Result "1-0"]
[PlyCount "41"]
[EventDate "1991.08.03"]

1. d4 d5 2. Nf3 c5 3. dxc5 Nc6 4. e4 Nf6 5. exd5 Qxd5 6. Qxd5 Nxd5 7. Bc4 Ndb4
8. Na3 Bf5 9. c3 Nd3+ 10. Bxd3 Bxd3 11. Be3 e5 12. O-O-O e4 13. Ne1 Ne5 14. Bd4
Nc4 15. Nxd3 Nxa3 16. Rhe1 O-O-O 17. Ne5 Nb5 18. Nxf7 Bxc5 19. Bxc5 Rxd1+ 20.
Rxd1 Re8 21. a4 1-0

[Event "III Festival Magistrale"]
[Site "Catania ITA"]
[Date "1991.08.??"]
[Round "?"]
[White "Fabiano, Giuseppe"]
[Black "Ortega, Lexy"]
[WhiteElo "2270"]
[BlackElo "2410"]
[Result "0-1"]
[PlyCount "48"]
[EventDate "1991.08.03"]

1. c4 e6 2. Nc3 c5 3. Nf3 Nc6 4. g3 Nf6 5. Bg2 d5 6. cxd5 Nxd5 7. O-O Be7 8. d4
O-O 9. Nxd5 exd5 10. dxc5 Bxc5 11. Qc2 Bb6 12. Rd1 h6 13. Bd2 Qf6 14. Qa4 d4
15. Bb4 Re8 16. Rd2 Bg4 17. Rad1 Rxe2 18. Rxe2 Bxf3 19. Rde1 Bxe2 20. Rxe2 d3
21. Rd2 Re8 22. Kf1 Re2 23. f4 Qd4 24. Rxe2 Qg1# 0-1

[Event "III Festival Magistrale"]
[Site "Catania ITA"]
[Date "1991.08.??"]
[Round "?"]
[White "Fabiano, Giuseppe"]
[Black "Ricci, Marco"]
[WhiteElo "2270"]
[BlackElo "2015"]
[Result "1-0"]
[PlyCount "79"]
[EventDate "1991.08.03"]

1. c4 e5 2. Nc3 Nf6 3. Nf3 Nc6 4. g3 d5 5. cxd5 Nxd5 6. Bg2 Nb6 7. O-O Be7 8.
a3 Be6 9. b4 Nd4 10. Rb1 f6 11. e3 Nxf3+ 12. Qxf3 c6 13. d4 Qd7 14. dxe5 Bg4
15. Qf4 fxe5 16. Qxe5 O-O 17. Ne4 Rae8 18. Qd4 Qxd4 19. exd4 Bf5 20. Re1 Bd8
21. Bf4 Nc4 22. Ra1 Bb6 23. Nc5 Bc8 24. Be5 Nxe5 25. dxe5 Bc7 26. f4 g5 27. Rf1
gxf4 28. gxf4 Bb6 29. Kh1 Kf7 30. Rae1 Rd8 31. f5 Ke7 32. f6+ Ke8 33. e6 Rd6
34. Bh3 Bxc5 35. bxc5 Rd5 36. Rf3 Rxc5 37. e7 Bxh3 38. exf8=Q+ Kxf8 39. Rxh3 h5
40. Rf3 1-0

[Event "III Festival Magistrale"]
[Site "Catania ITA"]
[Date "1991.08.??"]
[Round "?"]
[White "Fabiano, Giuseppe"]
[Black "Singer, Christof"]
[WhiteElo "2270"]
[BlackElo "2285"]
[Result "1-0"]
[PlyCount "35"]
[EventDate "1991.08.03"]

1. e4 e5 2. Nc3 Nf6 3. Bc4 Nxe4 4. Qh5 Nd6 5. Bb3 Be7 6. Nf3 O-O 7. h4 g6 8.
Qxe5 Re8 9. Kf1 Bf6 10. Qf4 Bg7 11. h5 Qf6 12. d3 c6 13. hxg6 hxg6 14. Qh2 Nb5
15. Bg5 Qf5 16. Qh7+ Kf8 17. Bh6 Qf6 18. Qh8+ 1-0

[Event "III Festival Magistrale"]
[Site "Catania ITA"]
[Date "1991.08.??"]
[Round "?"]
[White "Gallitto, Salvatore"]
[Black "Accardo, Francesco"]
[WhiteElo "1835"]
[BlackElo "1930"]
[Result "1-0"]
[PlyCount "65"]
[EventDate "1991.08.03"]

1. e4 a6 2. d4 b5 3. Bd3 Bb7 4. Nf3 Nf6 5. Qe2 e6 6. O-O c5 7. c3 Nc6 8. Bg5
Qc7 9. Nbd2 h6 10. Bxf6 gxf6 11. a4 b4 12. Nb3 cxd4 13. cxd4 Qf4 14. d5 Ne5 15.
Nxe5 Qxe5 16. Na5 Bc8 17. Nc4 Qg5 18. f4 Bc5+ 19. Kh1 Qg7 20. Rac1 d6 21. e5
O-O 22. Rf3 exd5 23. Rg3 Qxg3 24. hxg3 dxc4 25. Bxc4 fxe5 26. fxe5 Bf5 27. Qh5
Bg6 28. Qxg6+ Kh8 29. Qxh6+ Kg8 30. Bd3 f5 31. exf6 Kf7 32. Qg7+ Ke6 33. Qe7+
1-0

[Event "III Festival Magistrale"]
[Site "Catania ITA"]
[Date "1991.08.??"]
[Round "?"]
[White "Gallitto, Salvatore"]
[Black "Bianca, Maurizio"]
[WhiteElo "1835"]
[BlackElo "1910"]
[Result "0-1"]
[PlyCount "22"]
[EventDate "1991.08.03"]

1. e4 e5 2. Bc4 f5 3. Nc3 Nc6 4. d3 Nf6 5. Nf3 Bb4 6. Qe2 fxe4 7. Ng5 d5 8. Bb3
Nd4 9. Qd1 h6 10. Nh3 Bg4 11. Qd2 Bxh3 0-1

[Event "III Festival Magistrale"]
[Site "Catania ITA"]
[Date "1991.08.??"]
[Round "?"]
[White "Genovese, Maurizio"]
[Black "Agnello, Giuseppe"]
[WhiteElo "2180"]
[BlackElo "1995"]
[Result "1-0"]
[PlyCount "59"]
[EventDate "1991.08.03"]

1. d4 Nf6 2. c4 g6 3. Nc3 Bg7 4. e4 d6 5. f4 O-O 6. Nf3 c5 7. d5 e6 8. dxe6
fxe6 9. Bd3 Nc6 10. O-O Nd4 11. Ng5 e5 12. f5 h6 13. h4 gxf5 14. exf5 b5 15.
Be3 d5 16. Nxd5 Nxd5 17. cxd5 hxg5 18. f6 Rxf6 19. Qh5 Bf5 20. hxg5 Bxd3 21.
gxf6 Bxf6 22. Bxd4 cxd4 23. Rf3 Bh7 24. Raf1 Qe8 25. Qg4+ Bg7 26. Rg3 Qg6 27.
Qh4 Qe8 28. Rf6 Rc8 29. Re6 Qd8 30. Re7 1-0

[Event "III Festival Magistrale"]
[Site "Catania ITA"]
[Date "1991.08.??"]
[Round "?"]
[White "Genovese, Maurizio"]
[Black "Bianca, Maurizio"]
[WhiteElo "2180"]
[BlackElo "1910"]
[Result "1-0"]
[PlyCount "29"]
[EventDate "1991.08.03"]

1. d4 d5 2. c4 Bf5 3. Nc3 Nf6 4. Bg5 Ne4 5. Nxe4 Bxe4 6. f3 Bf5 7. Qb3 Nc6 8.
cxd5 h6 9. Bh4 Nb8 10. e4 Bc8 11. Bc4 g5 12. Bg3 f5 13. e5 f4 14. Bf2 Nd7 15.
e6 1-0

[Event "III Festival Magistrale"]
[Site "Catania ITA"]
[Date "1991.08.??"]
[Round "?"]
[White "Genovese, Maurizio"]
[Black "Kennaugh, Charles W."]
[WhiteElo "2180"]
[BlackElo "2335"]
[Result "0-1"]
[PlyCount "80"]
[EventDate "1991.08.03"]

1. d4 Nf6 2. c4 c5 3. d5 b5 4. Qc2 bxc4 5. e4 e6 6. Nc3 exd5 7. e5 d4 8. exf6
d5 9. Nxd5 Qxd5 10. Bxc4 Qxg2 11. Qe2+ Be6 12. Bxe6 fxe6 13. Qxe6+ Kd8 14. Bd2
a5 15. fxg7 Bxg7 16. Qb6+ Kd7 17. O-O-O Qxh1 18. f3 Qxh2 19. Qb7+ Qc7 20. Qd5+
Qd6 21. Qb7+ Qc7 22. Qd5+ Kc8 23. Qxa8 Re8 24. Nh3 Qc6 25. Qxa5 Nd7 26. Ng5 Kb7
27. Qa3 Nb6 28. Ne4 Bf8 29. Rh1 h6 30. Qd3 Rd8 31. Bf4 c4 32. Qd2 c3 33. bxc3
Nc4 34. Qc2 Rd5 35. Nd2 Ba3+ 36. Kd1 d3 37. Qb3+ Rb5 38. Qxc4 Rb1+ 39. Nxb1
Qxc4 40. Nxa3 Qxf4 0-1

[Event "III Festival Magistrale"]
[Site "Catania ITA"]
[Date "1991.08.??"]
[Round "?"]
[White "Genovese, Maurizio"]
[Black "Scerbo, Antonio"]
[WhiteElo "2180"]
[BlackElo "1980"]
[Result "1/2-1/2"]
[PlyCount "94"]
[EventDate "1991.08.03"]

1. d4 Nf6 2. c4 g6 3. Nc3 Bg7 4. e4 d6 5. f4 c5 6. d5 O-O 7. Nf3 b5 8. cxb5 Qa5
9. Bd2 a6 10. a4 Qb4 11. Bd3 c4 12. Bc2 axb5 13. e5 Qc5 14. exf6 exf6 15. Ne4
Qb6 16. a5 Qc7 17. O-O f5 18. Nc3 Rxa5 19. Be3 Bd7 20. Rxa5 Qxa5 21. Qa1 Qb4
22. Nd4 Re8 23. Bf2 Bh6 24. g3 Bg7 25. Kg2 h6 26. Qa3 Qxa3 27. bxa3 Na6 28.
Ncxb5 Bxb5 29. Nxb5 Re2 30. Bd1 Rb2 31. Nxd6 c3 32. Nc4 c2 33. Nxb2 c1=Q 34.
Nd3 Qxa3 35. Ne5 g5 36. h3 Qd6 37. Bf3 Bxe5 38. fxe5 Qxe5 39. Re1 Qd6 40. Re8+
Kh7 41. Bd4 f6 42. Re6 Qb4 43. Bxf6 Nc5 44. Be7 Qc4 45. Bxc5 Qxc5 46. g4 fxg4
47. hxg4 Kg7 1/2-1/2